The Euro-dollar system : Practice and theory of international interest rates

Đã lưu trong:
书目详细资料
主要作者: Einzig, Paul
格式: 图书
语言:Undetermined
出版: London Macmillan St Martin's Press 1970
主题:
标签: 添加标签
没有标签, 成为第一个标记此记录!
Thư viện lưu trữ: Trung tâm Học liệu Trường Đại học Cần Thơ
LEADER 00578nam a2200193Ia 4500
001 CTU_81390
008 210402s9999 xx 000 0 und d
082 |a 332.4 
082 |b E35 
100 |a Einzig, Paul 
245 4 |a The Euro-dollar system : 
245 0 |b Practice and theory of international interest rates 
245 0 |c Paul Einzig 
260 |a London 
260 |b Macmillan St Martin's Press 
260 |c 1970 
650 |a Banks and banking, international,Euro-dollar market 
904 |i Trọng Hải 
980 |a Trung tâm Học liệu Trường Đại học Cần Thơ